| 000 | 00675nam a2200229Ia 4500 | ||
|---|---|---|---|
| 003 | OSt | ||
| 005 | 20220925200118.0 | ||
| 006 | a|||||r|||| 00| 0 | ||
| 007 | ta | ||
| 008 | 220923b |||||||| |||| 00| 0 eng d | ||
| 037 | _cGeneral Book | ||
| 040 |
_aRTL _cRTL _beng |
||
| 041 |
_2eng _aeng |
||
| 082 | _aY9(X9).3.M50<--L50, L6 | ||
| 100 |
_aThomis Malcolm I _914826 |
||
| 245 | 0 |
_aResponses to industrialisation _b The British experi |
|
| 260 |
_aConnexticut _bArchon Books _c1976 |
||
| 300 |
_a194p _ccm. |
||
| 650 | _aIndustrial Sociology | ||
| 942 |
_hY9(X9).3.M50<--L50, L6 _cGB _2CC |
||
| 999 |
_c535468 _d535468 |
||